Top 100 Boys Names 2010-2015 - Statistics

General Stats
  • This quiz has been taken 223 times
  • The average score is 52 of 100
Answer Stats
Hint Answer % Correct
J John
93%
J James
92%
W William
92%
M Matthew
89%
M Michael
87%
J Jack
86%
J Jose
86%
D David
83%
L Liam
83%
E Ethan
80%
A Andrew
79%
D Daniel
79%
J Joseph
79%
N Noah
79%
J Jacob
78%
O Oliver
78%
C Christopher
77%
H Henry
77%
J Joshua
77%
N Nathan
76%
T Thomas
76%
A Alexander
75%
A Anthony
74%
C Charles
74%
A Adam
73%
B Benjamin
72%
Z Zachary
72%
R Robert
71%
S Samuel
70%
I Isaac
69%
N Nicholas
69%
E Eli
68%
L Lucas
66%
A Aaron
65%
J Jason
65%
J Justin
65%
J Jackson
64%
L Luke
64%
X Xavier
64%
M Mason
62%
R Ryan
62%
E Elijah
61%
J Jonathan
59%
J Jayden
57%
J Jordan
56%
K Kevin
56%
I Ian
55%
L Logan
55%
A Aiden
54%
D Dylan
52%
O Owen
52%
C Connor
50%
T Tyler
50%
B Brandon
49%
C Christian
49%
E Evan
48%
G Gabriel
48%
N Nathaniel
48%
C Cameron
46%
C Carter
45%
J Julian
45%
C Caleb
43%
J Jeremiah
43%
J Juan
43%
I Isaiah
41%
C Cooper
38%
C Cole
36%
J Jesus
36%
W Wyatt
36%
G Gavin
35%
A Austin
34%
H Hunter
34%
L Levi
32%
P Parker
32%
S Sebastian
32%
A Adrian
31%
C Carlos
31%
C Chase
31%
B Blake
30%
B Brayden
30%
C Carson
29%
J Josiah
29%
T Tristan
29%
D Dominic
28%
A Asher
27%
G Grayson
27%
N Nolan
27%
C Colton
25%
L Landon
25%
J Jaxon
23%
B Brody
22%
A Angel
20%
H Hudson
20%
K Kayden
19%
J Jace
15%
B Bentley
13%
L Luis
12%
E Easton
9%
J Jaxson
8%
A Ayden
6%
No matching quizzes found
Score Distribution
Percent of People with Each Score
Percentile by Number Answered
Your Score History
You have not taken this quiz